000
00242nam a2200097Ia 4500
001
697916
005
20250826162041.0
008
250824s9999 xx 000 0 und d
245
0
_a
Yeni Dünya
_c
SABAHATTİN ALİ
260
_b
YAPI KREDİ YAYINLARI
999
_c
697916
_d
697916